Productivity is everything: Why economic policy misses what really matters (Record no. 529765)

000 -LEADER
fixed length control field 01028nam a22001337a 4500
008 - FIXED-LENGTH DATA ELEMENTS--GENERAL INFORMATION
fixed length control field 250507b ||||| |||| 00| 0 eng d
100 ## - MAIN ENTRY--PERSONAL NAME
Personal name Slaughter, Matthew J. and Wessel, David
245 ## - TITLE STATEMENT
Title Productivity is everything: Why economic policy misses what really matters
260 ## - PUBLICATION, DISTRIBUTION, ETC. (IMPRINT)
Place of publication, distribution, etc Foreign Affairs
300 ## - PHYSICAL DESCRIPTION
Extent 104(2), Mar-Apr, 2025: p.148-161
520 ## - SUMMARY, ETC.
Summary, etc For the United States, these are trying times. Americans are overcome with an unshakable sense of economic malaise. The top-line indicators are good: unemployment is low, inflation is declining, and the country remains the richest in the world. Yet in poll after poll, most Americans say they are unhappy with the state of the economy today and its prospects for tomorrow. Only a quarter consider the economy good or excellent. Nearly 80 percent say they are not confident that their children will live better than they do.- Reproduced

https://www.foreignaffairs.com/productivity-everything-slaughter-wessel
773 ## - HOST ITEM ENTRY
Main entry heading Foreign Affairs
942 ## - ADDED ENTRY ELEMENTS (KOHA)
Item type Articles
Holdings
Withdrawn status Lost status Source of classification or shelving scheme Damaged status Not for loan Permanent location Current location Date acquired Serial Enumeration / chronology Barcode Date last seen Koha item type
          Indian Institute of Public Administration Indian Institute of Public Administration 2025-05-07 104(2), Mar-Apr, 2025: p.148-161 AR135640 2025-05-07 Articles

Powered by Koha